|
|
|
|
| LEADER |
00000naa2a2200000 4500 |
| 001 |
428289 |
| 005 |
20231101074823.0 |
| 035 |
|
|
|a (RuTPU)RU\TPU\prd\87827
|
| 035 |
|
|
|a RU\TPU\prd\9095
|
| 090 |
|
|
|a 428289
|
| 100 |
|
|
|a 20101008a2002 k y0rusy50 ca
|
| 101 |
0 |
|
|a rus
|
| 102 |
|
|
|a RU
|
| 200 |
1 |
|
|a Метрологическое обеспечение средств измерений, применяемом в магнитном неразрушающем контроле
|f А. М. Шанаурин [и др.]
|
| 225 |
1 |
|
|a Общие вопросы дефектоскопии
|
| 320 |
|
|
|a Библиогр.: 2 назв.
|
| 461 |
|
1 |
|0 (RuTPU)RU\TPU\prd\151
|t Дефектоскопия
|d 1965-
|
| 463 |
|
1 |
|0 (RuTPU)RU\TPU\prd\87818
|t № 4
|v С. 67-73
|d 2002
|
| 610 |
1 |
|
|a средства измерений
|
| 610 |
1 |
|
|a метрологическое обеспечение
|
| 610 |
1 |
|
|a неразрушающий контроль
|
| 610 |
1 |
|
|a дефектоскопы
|
| 675 |
|
|
|a 620.179.14
|v 3
|
| 701 |
|
1 |
|a Шанаурин
|b А. М.
|
| 701 |
|
1 |
|a Кравченко
|b Г. И.
|
| 701 |
|
1 |
|a Векслер
|b А. З.
|
| 701 |
|
1 |
|a Гусев
|b Б. В.
|
| 801 |
|
1 |
|a RU
|b 63413507
|c 20021211
|g PSBO
|
| 801 |
|
2 |
|a RU
|b 63413507
|c 20131016
|g RCR
|
| 942 |
|
|
|c BK
|